000 00428nam a2200169 a 4500
001 0000-9191
003 ELIB.Books
008 110520 1956
035 _a(ELIB.Books)0000-9343
082 _a909.82
_bHut
100 _aHutchison, E.H.
245 _aViolent Truce
260 _bLondon; John Calder Publishers
_c1956
650 _aGeography and History
942 _2ddc
_cBK
998 _cbat
_e2011-05-20
999 _c9191
_d9191